365x Ježiš Kristus sa vráti výber biblických textov

Bibliographic Details
Main Author: Lieth, Norbert (Author)
Format: Book
Language:Slovak
German
PhysicalDescription:208 s. 17 cm
Published: Bratislava Misijná spoločnosť evanjelia Ježiša Krista 2015
ISBN:9788081580239
Subjects:

MARC

LEADER 00000nam a2200000 a 4500
001 vtls011134543
003 SK-MaSNL
005 20260301134524.0
008 240318s2015 xo g 000 0 slo
015 |a SNBA2015/11 
020 |a 9788081580239  |q (brož.) 
035 |a A03E3D9E-2D47-4FC5-98E0-353248AEF178 
035 |a urn:nbn:sk:snk-aml4vp 
035 |a urn:nbn:sk:snk-am008w97 
040 |a SNK  |b slo  |c SNK  |e AACR2 
041 1 |a slo  |h ger 
044 |a xo  |c SK 
072 7 |a 27-1/-2  |x Kresťanská teológia. Dogmatická teológia  |2 konspekt 
072 7 |a 2-23/-27  |x Biblia. Biblistika  |2 konspekt 
080 |a 27-23  |2 2001 
080 |a 27-232/-236  |2 2001 
080 |a (049)  |2 2001 
100 1 |a Lieth, Norbert  |4 aut  |9 488486 
240 1 0 |a 365 Jesus kommt wieder  |l Slovensky 
245 1 0 |a 365x Ježiš Kristus sa vráti  |b výber biblických textov  |c Norbert Lieth 
246 3 |a Tristošesťdesiatpäť krát Ježiš Kristus sa vráti 
246 3 |a Dreihundertfünfundsechtzig mal Jesus kommt wieder 
260 |a Bratislava  |b Misijná spoločnosť evanjelia Ježiša Krista  |c 2015 
300 |a 208 s.  |c 17 cm 
500 |a Biblické texty citované z: Biblia, evanjelický preklad, Liptovský Mikuláš 
600 0 7 |a Ježiš Kristus  |2 SNKMA 
630 0 7 |a Biblia  |2 SNKPH  |9 17043 
630 0 7 |a Bible  |2 SNKPHeng  |9 276267 
650 0 7 |a parúzia  |2 SNKPH  |9 69384 
650 0 7 |a biblické texty  |2 SNKPH  |9 1917 
650 0 7 |a Biblical texts  |2 SNKPHeng  |9 265584 
655 7 |a rozpravy  |2 SNKPH  |9 70559 
655 7 |a Essays  |2 SNKPHeng  |9 267540 
852 |a Štátna vedecká knižnica v Banskej Bystrici 
919 |a 978-80-8158-023-9 
958 |a OP 
958 |a NT 
968 |b DT 
999 |c 757331  |d 759261 
952 |a SNK  |b SNK  |y PREZ  |7 0  |p 17A1174086  |o snkSD 84686  |i snk2015/30366  |8 0  |0 0  |1 0  |4 0  |d 2015-11-04  |f 1  |l 0  |r 2017-06-30 00:00:00  |w 2026-02-23 
952 |a SNK  |b SNK  |y VYP  |7 0  |p 17A1174087  |o snkSD 84686 D1  |i snk2015/30367  |8 0  |0 0  |1 0  |4 0  |d 2015-11-04  |l 0  |r 2017-06-30 00:00:00  |w 2026-02-23